Alberto Trueba Urbina, laboratorista mexicano : conferencias /
Enregistré dans:
| Auteur principal: | |
|---|---|
| Autres auteurs: | |
| Format: | Livre |
| Langue: | espagnol |
| Publié: |
México :
Gobierno del Distrito Federal, Junta Local de Conciliación y Arbritraje,
1984
|
| Tags: |
Pas de tags, Soyez le premier à ajouter un tag!
|
MARC
| LEADER | 00000nam^a2200000^a^4500 | ||
|---|---|---|---|
| 001 | 000571169 | ||
| 005 | 20250521000000.0 | ||
| 009 | 20260310132243.809 | ||
| 020 | |a 968-816-029-6 | ||
| 037 | |a Acervo Xavier Clavigero | ||
| 041 | |a ESP | ||
| 091 | |a FPA. 03201 | ||
| 100 | |a Trueba Urbina, Alberto |e (autor) | ||
| 245 | 1 | 0 | |a Alberto Trueba Urbina, laboratorista mexicano : |b conferencias / |
| 264 | 1 | |a México : |b Gobierno del Distrito Federal, Junta Local de Conciliación y Arbritraje, |c 1984 | |
| 300 | |a 47 p. | ||
| 336 | |a texto |b txt |2 rdacontenido | ||
| 337 | |a sin mediación |b n |2 rdamedio | ||
| 338 | |a volumen |b nc |2 rdasoporte | ||
| 649 | |a XX | ||
| 700 | |a Barillas Magaña, Walter |e (introducción) | ||
| 910 | |a Fondo José Ignacio Palencia Gómez S.J. | ||
| 920 | |a Impresos - Libros | ||
| 930 | |a Fondos Especiales | ||
| 905 | |a 137 | ||
| 901 | |a 0500356723 |b IT2 |c ESL |i D |u 20250521 | ||
| 902 | |a https://opac.biblio.iteso.mx/vufind/Record/000571169 | ||